Teaching and learning special english Kèm sách

Gardado en:
Detalles Bibliográficos
Formato: Libro
Idioma:Undetermined
Publicado: Thành phố Hồ Chí Minh Công ty An Hoà 2003
Những chủ đề:
Các nhãn: Engadir etiqueta
Sen Etiquetas, Sexa o primeiro en etiquetar este rexistro!
Thư viện lưu trữ: Trung tâm Học liệu Trường Đại học Cần Thơ
LEADER 00543nam a2200193Ia 4500
001 CTU_63767
008 210402s9999 xx 000 0 und d
082 |a 420.07 
082 |b T253/No.42 
245 0 |a Teaching and learning special english 
245 0 |b Kèm sách 
260 |a Thành phố Hồ Chí Minh 
260 |b Công ty An Hoà 
260 |c 2003 
650 |a English language 
650 |x Study and teaching 
904 |i Qhieu sửa 
910 |a Năm 
980 |a Trung tâm Học liệu Trường Đại học Cần Thơ